Exekutívne informačné systémy a výkonnosť podnikov

Na minha lista:
Detalhes bibliográficos
Autor principal: Toropilová, Michaela, 1979-
Formato: Capítulo de Livro
Idioma:eslovaco
Tags: Adicionar Tag
Sem tags, seja o primeiro a adicionar uma tag!

MARC

LEADER 00000naa$a2200000$$$4500
001 0060619
005 20240502071655.0
041 0 |a slo 
044 |a SK 
245 1 0 |a Exekutívne informačné systémy a výkonnosť podnikov  |c Michaela Toropilová 
100 1 |a Toropilová, Michaela, 1979-